| 000 | 00790ckc a22002055a 4500 | ||
|---|---|---|---|
| 001 | L141698 | ||
| 008 | 071213s1951 xxk eng u | ||
| 035 | _a(Sirsi) u141698 | ||
| 041 | 0 | _aeng | |
| 110 | 2 | _aChartered Auctioneers' and Estate Agents' Institute | |
| 245 | 0 | 1 |
_a[Collection of artwork and photographs of the Institute's coat of arms] _h[graphic] |
| 260 | _cca. 1951 | ||
| 300 |
_a14 items _c31 x 24 cm., or smaller + _e1 sheet (25 x 20 cm.) |
||
| 340 | _aPhotograph, watercolour, printed | ||
| 351 | _cFonds | ||
| 500 | _aCollection shows the coat of arms as it was prior to 1951, and after 1951 when two 'supporters' were added. Includes a sheet describing the coat of arms. | ||
| 651 | 4 |
_aUnited Kingdom _y |
|
| 690 | _aABOUT RICS-RELATED ORGANISATIONS | ||
| 942 | _n0 | ||
| 999 |
_c116760 _d116760 |
||